Malaikat Bertali Leher (No. rekod 1651)

000 -LEADER
fixed length control field 01105nam a22002177a 4500
003 - CONTROL NUMBER IDENTIFIER
control field KPN
005 - DATE AND TIME OF LATEST TRANSACTION
control field 20251030114841.0
008 - FIXED-LENGTH DATA ELEMENTS--GENERAL INFORMATION
fixed length control field 251030b 00| 0 my d
020 ## - INTERNATIONAL STANDARD BOOK NUMBER
International Standard Book Number 9789673694372
Terms of availability RM20.00
Qualifying information paperback
040 ## - CATALOGING SOURCE
Transcribing agency KPN
082 ## - DEWEY DECIMAL CLASSIFICATION NUMBER
Edition number 23
Classification number 808.882 AMI 2020
090 ## - LOCALLY ASSIGNED LC-TYPE CALL NUMBER (OCLC); LOCAL CALL NUMBER (RLIN)
Classification number (OCLC) (R) ; Classification number, CALL (RLIN) (NR) 808.882 AMI 2020
Local cutter number (OCLC) ; Book number/undivided call number, CALL (RLIN) AMI
100 ## - MAIN ENTRY--PERSONAL NAME
Personal name Amirul Azmeer Asmadi
Relator term author
245 ## - TITLE STATEMENT
Title Malaikat Bertali Leher
Statement of responsibility, etc. Amirul Azmeer Asmadi
260 ## - PUBLICATION, DISTRIBUTION, ETC.
Place of publication, distribution, etc. Batu Caves, Selangor:
Name of publisher, distributor, etc. Puteh Press an imprint of Open Bridge Publications Sdn. Bhd.,
Date of publication, distribution, etc. 2020
300 ## - PHYSICAL DESCRIPTION
Extent 274 pages
Other physical details photographs
Dimensions 20 cm
500 ## - GENERAL NOTE
General note "Tidak perlu tunggu jadi baik untuk membuat kebaikan, kerana siapa-siapa sahaja mampu berbuat baik. Usah ditunggu malaikat turun membawa kebaikan, kerana dalam jiwa kita sudah ada malaikat yang terpendam."<br/><br/>Malaikat Bertali Leher menghimpunkan kisah-kisah benar, anekdot tentang orang biasa yang membuat kebaikan, yang tidak mengharapkan pembalasan. Manusia-manusia yang berlatar belakang biasa-biasa, yang ikhlas, yang membuatkan mereka menjadi luar biasa.
650 ## - SUBJECT ADDED ENTRY--TOPICAL TERM
Source of heading or term Conduct of life
Form subdivision Anecdotes
Source of heading or term Anecdotes
942 ## - ADDED ENTRY ELEMENTS (KOHA)
Source of classification or shelving scheme
Koha item type Book
Suppress in OPAC No
Pemilik
Withdrawn status Lost status Source of classification or shelving scheme Damaged status Not for loan Collection code Home library Current library Shelving location Date acquired Total Checkouts Full call number Barcode Date last seen Price effective from Koha item type
          Non-fiction Perpustakaan Kementerian Perpaduan Malaysia Perpustakaan Kementerian Perpaduan Malaysia Non- Fiction Rack - Literature 30/10/2025   808.882 AMI 2020 KPN25100006 30/10/2025 30/10/2025 Book